| 000 | 006240000a22001810004500 | ||
|---|---|---|---|
| 003 | MACL | ||
| 005 | 20160514170411.0 | ||
| 008 | 160514b xxu||||| |||| 00| 0 eng d | ||
| 040 |
_aMACL _cMACL |
||
| 041 | _aHindi | ||
| 082 | _a891.433 GAR | ||
| 100 |
_aगॉर्डिमर, नैदीन _957127 |
||
| 245 |
_aमौखिक इतिहास _bतथा अन्य कहानियॉ _cनैदीन गॉर्डिमर |
||
| 260 |
_bशुभदा प्रकाशन _c1993 _aनई दिल्ली |
||
| 350 | _a60 | ||
| 650 |
_aStories _957268 |
||
| 942 |
_cHIN _k891.433/GAR/S _2ddc |
||
| 999 |
_c19441 _d19441 |
||